Construction (Design and Management) Regulations 2007 : a CPD study pack (Record no. 107911)

MARC details
000 -LEADER
fixed length control field 00570cam a2200181 4500
001 - CONTROL NUMBER
control field E142525
008 - FIXED-LENGTH DATA ELEMENTS--GENERAL INFORMATION
fixed length control field 010726n2007 000 0 eng u
020 ## - INTERNATIONAL STANDARD BOOK NUMBER
International Standard Book Number 9781904388692
035 ## - SYSTEM CONTROL NUMBER
System control number (Sirsi) u142525
041 0# - LANGUAGE CODE
Language code of text/sound track or separate title eng
100 1# - MAIN ENTRY--PERSONAL NAME
Personal name Spiers, Tony
245 ## - TITLE STATEMENT
Title Construction (Design and Management) Regulations 2007 : a CPD study pack
260 ## - PUBLICATION, DISTRIBUTION, ETC.
Place of publication, distribution, etc. Oxford
Name of publisher, distributor, etc. College of Estate Management
Date of publication, distribution, etc. 2007
490 ## - SERIES STATEMENT
Series statement College of Estate Management CPD Study Pack
690 ## - LOCAL SUBJECT ADDED ENTRY--TOPICAL TERM (OCLC, RLIN)
Topical term or geographic name as entry element BUILT ENVIRONMENT-BUILDING STANDARDS
710 ## - ADDED ENTRY--CORPORATE NAME
Corporate name or jurisdiction name as entry element College of Estate Management
9 (RLIN) 400
942 ## - ADDED ENTRY ELEMENTS (KOHA)
Suppress in OPAC 0

No items available.